000 00743nam a2200253Ia 4500
003 OSt
005 20220923214508.0
006 a|||||r|||| 00| 0
007 ta
008 220922b |||||||| |||| 00| 0 hin d
024 _a170,057
037 _cTextual
040 _aARTS
_cARTS
_bhin
041 _2hin
_ahin
082 _aO152,3N021,NI, H6;K5
100 _aजोशी, इलाचन्द्र
_9156270
245 0 _aनिर्वासित
246 _aNirvāsita
250 _aसंस्क0 7
260 _c1965
650 _aहिन्दी साहित्य
_9156264
942 _hO152,3N021,NI, H6;K5
_cTEXL
_2CC
999 _c324421
_d324421